Statystyki dla flagi świata

Kliknij tutaj aby rozwiązać quiz!

Ogólne statystyki

  • Ten quiz został rozwiązany 38 razy
  • Średni wynik to 9 z 15

Statystyki odpowiedzi

Odpowiedź% Poprawnych
macedonia
92%
kosowo
89%
nepal
89%
arabia saudyjska
84%
bhutan
79%
seszele
74%
sri lanka
74%
azerbejdżan
63%
saint lucia
53%
wyspa man
45%
erytrea
34%
grenada
34%
gwinea bissau
34%
suazi
18%
abchazja
8%

Rozkład punktacji

Percentyl według liczby udzielonych odpowiedzi

Procent ludzi z każdym wynikiem

Twoja historia wyników

Nie rozwiązałeś tego quizu